000 01096nam a22002777a 4500
001 BD-DhSAU 9278
003 BD-DhSAU
005 20221214111113.0
008 150613b2018 bg a|||| m||| 00| 0 eng d
040 _aBD-DhSAU
082 _222
_a631.521
_bH27
100 _aHASAN, MD. MEHEDE
_eRegistration # 14-06102
245 _aEffect of transplanting date on yield andseed quality of t. aman rice varieties /
_bMS thesis
260 _aSher-e-Bangla Agricultural University :
_bDepartment of Seed Technology,
_c2021
300 _aix, 66p. :
_bill. ;
_c30 cm.
500 _aMS thesis of Department of Seed Technology, Faculty of Agriculture, Sher-e-Bangla Agricultural University, Dhaka, Bangladesh
504 _aIncludes bibliographical reference.
590 _aNazmul
650 _atransplanting
650 _aseed quality
651 _at. aman rice
700 _aProf. Dr. A.K.M. Ruhul Amin
_eSuperviser
700 _aDr. Sheikh Muhammad Masum
_eCo-superviser
856 _uhttp://archive.saulibrary.edu.bd:8080/xmlui/handle/123456789/4277
942 _2ddc
_cTHESIS
999 _c16342
_d16341